[Event "Washington op 10th"]
[Site "Rockville"]
[Date "2023.08.15"]
[Round "8"]
[White "Song, Edward"]
[Black "Antipov, Mikhail Al"]
[Result "1/2-1/2"]
[WhiteElo "2373"]
[BlackElo "2601"]
[PlyCount "25"]
[EventDate "2023.08.12"]
[EventType "swiss"]
[EventRounds "9"]
[EventCountry "USA"]
[SourceTitle "CBM 215 Extra"]
[Source "ChessBase"]
[SourceDate "2023.09.30"]
[SourceVersion "1"]
[SourceVersionDate "2023.09.30"]
[SourceQuality "1"]

1. e4 e5 2. Nf3 Nc6 3. Bb5 Nf6 4. 0-0 Nxe4 5. Re1 Nd6 6. Nxe5 Be7 7. Bf1 Nxe5 8. Rxe5 0-0 9. Nc3 Bf6 10. Re1 Re8 11. Rxe8+ Nxe8 12. Nd5 Bg5 13. d4 1/2-1/2

[Event "CAN Transnational op"]
[Site "Montreal"]
[Date "2023.06.09"]
[Round "5"]
[White "Dukic, Zachary"]
[Black "Song, Edward"]
[Result "1-0"]
[WhiteElo "2151"]
[BlackElo "2375"]
[PlyCount "81"]
[EventDate "2023.06.06"]
[EventType "swiss"]
[EventRounds "9"]
[EventCountry "CAN"]
[SourceTitle "CBM 214 Extra"]
[Source "ChessBase"]
[SourceDate "2023.07.31"]
[SourceVersion "1"]
[SourceVersionDate "2023.07.31"]
[SourceQuality "1"]

1. e4 c5 2. Nf3 e6 3. d4 cxd4 4. Nxd4 a6 5. Nc3 Qc7 6. Bd3 Nf6 7. 0-0 d6 8. Re1 Be7 9. f4 Nbd7 10. Kh1 b5 11. a4 b4 12. Na2 Bb7 13. Nxb4 d5 14. exd5 Bxb4 15. dxe6 Bxe1 16. exd7+ Qxd7 17. Qxe1+ Kf8 18. Qg1 h5 19. Nf5 Re8 20. Bd2 h4 21. Qc5+ Kg8 22. Nxg7 Qg4 23. Qg5 Qxg5 24. fxg5 Kxg7 25. gxf6+ Kg8 26. b3 Rh5 27. Rf1 Be4 28. Bxa6 Bxc2 29. a5 Rd8 30. Bc3 Bd3 31. Bxd3 Rxd3 32. a6 Rd7 33. Ra1 Ra7 34. Bd4 Ra8 35. b4 Rb5 36. Bc5 Kh7 37. a7 Kg6 38. Rf1 Kg5 39. Kg1 Rb7 40. Rf3 Rd7 41. b5 1-0

[Event "CAN Transnational op"]
[Site "Montreal"]
[Date "2023.06.08"]
[Round "3"]
[White "Almeida Quintana, Omar"]
[Black "Song, Edward"]
[Result "1-0"]
[WhiteElo "2520"]
[BlackElo "2375"]
[PlyCount "109"]
[EventDate "2023.06.06"]
[EventType "swiss"]
[EventRounds "9"]
[EventCountry "CAN"]
[SourceTitle "CBM 214 Extra"]
[Source "ChessBase"]
[SourceDate "2023.07.31"]
[SourceVersion "1"]
[SourceVersionDate "2023.07.31"]
[SourceQuality "1"]

1. d4 d5 2. c4 dxc4 3. Nf3 Nf6 4. e3 e6 5. Bxc4 a6 6. 0-0 c5 7. b3 Nbd7 8. Bb2 Be7 9. Nbd2 0-0 10. Be2 b6 11. Ne5 Bb7 12. Bf3 Nd5 13. Ndc4 N7f6 14. e4 Nb4 15. a3 Nc6 16. dxc5 bxc5 17. Nxc6 Bxc6 18. Qc2 a5 19. a4 Qc7 20. Bc3 Rfd8 21. Rad1 Nd7 22. Rd2 Bf6 23. e5 Bg5 24. Bxc6 Bxd2 25. Bxa8 Bxc3 26. Qxc3 Rxa8 27. Rc1 h6 28. g3 Ra6 29. Rd1 Nb6 30. Nxb6 Rxb6 31. Qxa5 Qb7 32. Qxc5 Rxb3 33. h4 h5 34. a5 Rb5 35. Qd6 Rb2 36. Qd8+ Kh7 37. Qd3+ g6 38. a6 Qa7 39. Qf3 Rb8 40. Qf6 Rf8 41. Rd6 Kg8 42. g4 hxg4 43. h5 g3 44. hxg6 gxf2+ 45. Qxf2 Qc7 46. a7 Qc1+ 47. Kg2 Qa1 48. gxf7+ Kg7 49. Rd7 Qa4 50. Qg3+ Kh7 51. Qd3+ Kg7 52. Rd4 Qa2+ 53. Qd2 Qxa7 54. Qg5+ Kxf7 55. Qf6+ 1-0

[Event "New York Spring GM-A"]
[Site "New York"]
[Date "2023.04.05"]
[Round "1.2"]
[White "Song, Edward"]
[Black "Sai, Krishna GV"]
[Result "1/2-1/2"]
[WhiteElo "2389"]
[BlackElo "2385"]
[PlyCount "133"]
[EventDate "2023.04.05"]
[EventType "team-tourn"]
[EventRounds "9"]
[EventCountry "USA"]
[SourceTitle "CBM 213 Extra"]
[Source "ChessBase"]
[SourceDate "2023.05.31"]
[SourceVersion "1"]
[SourceVersionDate "2023.05.31"]
[SourceQuality "1"]
[WhiteTeam "Team 4"]
[BlackTeam "Team 3"]
[WhiteTeamCountry "USA"]
[BlackTeamCountry "USA"]

1. e4 e5 2. Nf3 Nc6 3. Bb5 a6 4. Ba4 Nf6 5. 0-0 Be7 6. Re1 b5 7. Bb3 d6 8. c3 0-0 9. h3 Nd7 10. d4 Bf6 11. a4 Bb7 12. d5 Ne7 13. axb5 axb5 14. Rxa8 Qxa8 15. Na3 c6 16. dxc6 Bxc6 17. Qxd6 Nc8 18. Qd1 Nc5 19. Bc2 Nxe4 20. Nxb5 Nxf2 21. Kxf2 Bxb5 22. Nxe5 Qa7+ 23. Be3 Qa2 24. Ng4 Be7 25. Qb1 Qxb1 26. Rxb1 Nd6 27. Bd4 f5 28. Ne5 Ne4+ 29. Kg1 Rb8 30. Bb3+ Kf8 31. Be6 Ng3 32. Kh2 Ne2 33. Bxf5 Bd6 34. g3 Re8 35. Bd7 Bxd7 36. Nxd7+ Kg8 37. Kg2 Bxg3 38. Bf2 Bc7 39. h4 Nf4+ 40. Kf3 Nd3 41. Bd4 Ne1+ 42. Kf2 Nd3+ 43. Kf3 Ne1+ 44. Kf2 Nd3+ 45. Kf1 Re7 46. Nc5 Rf7+ 47. Ke2 Nf4+ 48. Kd2 Ng2 49. Rh1 h5 50. Ne6 Bd6 51. Nxg7 Rb7 52. b4 Bxb4 53. Rg1 Be7 54. Nxh5 Kf7 55. Rf1+ Ke6 56. Nf4+ Nxf4 57. Rxf4 Rb2+ 58. Kd3 Rh2 59. Bf2 Rh3+ 60. Kd2 Bf6 61. Rc4 Kd5 62. Rc5+ Kd6 63. Rc4 Kd5 64. Rc5+ Kd6 65. h5 Rh2 66. Rf5 Bh4 67. Ke3 1/2-1/2

[Event "Budapest Vezerkepzo GM-A 11"]
[Site "Budapest"]
[Date "2022.11.21"]
[Round "4"]
[White "Varga, Zoltan"]
[Black "Song, Edward"]
[Result "1/2-1/2"]
[WhiteElo "2377"]
[BlackElo "2362"]
[PlyCount "65"]
[EventDate "2022.11.17"]
[EventType "tourn"]
[EventRounds "11"]
[EventCountry "HUN"]
[EventCategory "6"]
[SourceTitle "CBM 211 Extra"]
[Source "ChessBase"]
[SourceDate "2023.01.31"]
[SourceVersion "1"]
[SourceVersionDate "2023.01.31"]
[SourceQuality "1"]

1. e4 e6 2. d4 d5 3. Nc3 Nf6 4. Bg5 dxe4 5. Nxe4 Be7 6. Bxf6 gxf6 7. Nc3 Nd7 8. g3 Nb6 9. Bg2 c6 10. Nge2 Nd5 11. Na4 Qa5+ 12. c3 e5 13. b4 Qc7 14. 0-0 Bf5 15. Qb3 0-0 16. a3 Nb6 17. Nc5 Rad8 18. Rad1 Rfe8 19. c4 Bg6 20. Ne4 f5 21. N4c3 exd4 22. Nxd4 Bf6 23. Nce2 f4 24. c5 Nd5 25. Bf3 fxg3 26. hxg3 Ne7 27. Qc4 Nf5 28. Nc2 Rxd1 29. Rxd1 Rd8 30. Nf4 Rxd1+ 31. Bxd1 Qd8 32. Bg4 Nd4 33. Nxg6 1/2-1/2

[Event "Budapest FS11 GM"]
[Site "Budapest"]
[Date "2022.11.14"]
[Round "8"]
[White "Saydaliev, Saidakbar"]
[Black "Song, Edward"]
[Result "1/2-1/2"]
[WhiteElo "2376"]
[BlackElo "2362"]
[PlyCount "60"]
[EventDate "2022.11.05"]
[EventType "tourn"]
[EventRounds "9"]
[EventCountry "HUN"]
[EventCategory "6"]
[SourceTitle "CBM 211 Extra"]
[Source "ChessBase"]
[SourceDate "2023.01.31"]
[SourceVersion "1"]
[SourceVersionDate "2023.01.31"]
[SourceQuality "1"]

1. e4 e6 2. d4 d5 3. Nd2 Be7 4. Bd3 c5 5. dxc5 Nf6 6. Ngf3 dxe4 7. Nxe4 Nxe4 8. Bxe4 Qxd1+ 9. Kxd1 Bxc5 10. Ke2 Nd7 11. Rd1 Ke7 12. c3 Nf6 13. Bg5 h6 14. Bxf6+ gxf6 15. Nd4 f5 16. Bf3 Rd8 17. a4 a5 18. Nb5 Rxd1 19. Rxd1 Rb8 20. b3 Bd7 21. g3 Bxb5+ 22. axb5 b6 23. Bc6 Rd8 24. Ra1 Bd6 25. Ra4 Be5 26. Rc4 Bd6 27. Ra4 Be5 28. Rc4 Bd6 29. Ra4 Be5 30. Rc4 Bd6 1/2-1/2

[Event "US Masters"]
[Site "Charlotte"]
[Date "2021.11.27"]
[Round "6"]
[White "Flom, Gabriel"]
[Black "Song, Edward"]
[Result "1/2-1/2"]
[WhiteElo "2502"]
[BlackElo "2362"]
[PlyCount "114"]
[EventDate "2021.11.24"]
[EventType "swiss"]
[EventRounds "9"]
[EventCountry "USA"]
[SourceTitle "CBM 205 Extra"]
[Source "ChessBase"]
[SourceDate "2022.01.31"]
[SourceVersion "1"]
[SourceVersionDate "2022.01.31"]
[SourceQuality "1"]

1. d4 Nf6 2. c4 e6 3. Nc3 Bb4 4. e3 0-0 5. Bd3 c5 6. Nge2 d5 7. cxd5 cxd4 8. exd4 Nxd5 9. 0-0 Nc6 10. a3 Bd6 11. Nxd5 exd5 12. Be3 Be6 13. Nf4 Bxf4 14. Bxf4 Qf6 15. Be3 Qd8 16. Bf4 Qf6 17. Be3 Rac8 18. Qa4 Bd7 19. Rac1 Be6 20. Ra1 Bd7 21. Rac1 Qe6 22. Ra1 Qf6 23. Rac1 Qe6 24. Bb1 Ne5 25. Qxa7 Nc4 26. Rfe1 Ne5 27. Rf1 Nc4 28. Rfe1 Qc6 29. Re2 Qb5 30. Bd3 Qb3 31. Bxc4 Rxc4 32. Ree1 Rxc1 33. Bxc1 Re8 34. Qa5 Rxe1+ 35. Qxe1 Ba4 36. f3 Qd1 37. Qxd1 Bxd1 38. Kf2 Kf8 39. Ke1 Bb3 40. Kd2 Ke7 41. Kc3 Bc4 42. a4 Be2 43. Kb4 Kd6 44. Ka3 Bf1 45. g3 Be2 46. f4 f5 47. Bd2 Kc6 48. Bb4 g6 49. Be7 h5 50. Kb4 Bd1 51. Bd8 b6 52. Ka3 Be2 53. b4 b5 54. a5 Kb7 55. Kb2 Ka6 56. Kc3 Bf3 57. Kd2 Bg2 1/2-1/2

[Event "US Masters"]
[Site "Charlotte"]
[Date "2021.11.26"]
[Round "4"]
[White "Nakar, Eylon"]
[Black "Song, Edward"]
[Result "1/2-1/2"]
[WhiteElo "2434"]
[BlackElo "2362"]
[PlyCount "110"]
[EventDate "2021.11.24"]
[EventType "swiss"]
[EventRounds "9"]
[EventCountry "USA"]
[SourceTitle "CBM 205 Extra"]
[Source "ChessBase"]
[SourceDate "2022.01.31"]
[SourceVersion "1"]
[SourceVersionDate "2022.01.31"]
[SourceQuality "1"]

1. e4 c5 2. Nf3 d6 3. Bb5+ Nd7 4. c3 Ngf6 5. Bd3 g6 6. Bc2 b5 7. d4 cxd4 8. cxd4 Bb7 9. Nbd2 Bg7 10. 0-0 0-0 11. Re1 e5 12. d5 a5 13. Nf1 Nc5 14. Ng3 b4 15. b3 Ba6 16. h3 Nfd7 17. Be3 Qe7 18. a3 Rfb8 19. axb4 axb4 20. Qd2 Qd8 21. Rec1 Qb6 22. Ne1 Qb7 23. Ra2 Bb5 24. Rca1 Rxa2 25. Rxa2 Ba6 26. Ne2 Bf6 27. Nc1 Bd8 28. Kh2 h5 29. f3 Qc8 30. Ned3 Nxd3 31. Bxd3 Bxd3 32. Nxd3 Qc3 33. Ra7 Nf6 34. Nxb4 Qxb4 35. Qxb4 Rxb4 36. Ra8 Kf8 37. Rxd8+ Ne8 38. Rd7 Kg7 39. Bg5 Rxb3 40. Be7 Rb8 41. h4 Ra8 42. Kh3 Rb8 43. Kg3 Ra8 44. Kh3 Rb8 45. g4 hxg4+ 46. Kxg4 Rb6 47. Rd8 Nf6+ 48. Kh3 Rb3 49. Kg2 Nh5 50. Bxd6 Nf4+ 51. Kf2 Rb2+ 52. Kf1 Rb1+ 53. Kf2 Rb2+ 54. Kg1 Rb1+ 55. Kf2 Rb2+ 1/2-1/2

[Event "PRO League Stage"]
[Site "Chess.com INT"]
[Date "2019.02.14"]
[Round "6"]
[White "Song, Edward"]
[Black "Wang, Tianqi"]
[Result "1/2-1/2"]
[WhiteElo "2355"]
[BlackElo "2329"]
[PlyCount "84"]
[EventDate "2019.01.08"]
[EventType "team-swiss (rapid)"]
[EventRounds "10"]
[EventCountry "USA"]
[SourceTitle "CBM 189 Extra"]
[Source "ChessBase"]
[SourceDate "2019.06.03"]
[SourceVersion "1"]
[SourceVersionDate "2019.06.03"]
[SourceQuality "1"]
[WhiteTeam "Pittsburgh Pawngrabbers"]
[BlackTeam "Miami Champions"]
[WhiteTeamCountry "USA"]
[BlackTeamCountry "USA"]

1. e4 d5 2. exd5 Qxd5 3. Nc3 Qd8 4. d4 Nf6 5. Nf3 Bg4 6. h3 Bxf3 7. Qxf3 c6 8. Be3 e6 9. Bd3 Bb4 10. 0-0 Nbd7 11. Ne4 Nxe4 12. Qxe4 Be7 13. c4 Nf6 14. Qf3 0-0 15. Rad1 a5 16. Bc2 a4 17. Rfe1 a3 18. b3 Qa5 19. Bf4 Rfd8 20. Be5 Rd7 21. g3 Rad8 22. Kg2 Ne8 23. Qe4 g6 24. Re2 Bf6 25. Bxf6 Nxf6 26. Qf4 Nh5 27. Qe3 Qb6 28. Red2 Qb4 29. Be4 Nf6 30. Bc2 b5 31. Qf3 Kg7 32. Qxc6 bxc4 33. Qxc4 Qb7+ 34. Kg1 Rc7 35. Qe2 Rdc8 36. Bd3 Rc1 37. Rxc1 Rxc1+ 38. Rd1 Rxd1+ 39. Qxd1 Qb4 40. Bc4 Qc3 41. d5 exd5 42. Bxd5 Nxd5 1/2-1/2